000 01365nam a22002297a 4500
005 20241206161811.0
010 _aB-760546-545 07/24,CHHN B-761384
020 _c450.00
_a9789380920993
035 _aB-760546-545
035 _aB-761384
037 _bसन शाइन बुक्स,
082 _a510.712
100 _aरोहित
_974825
245 _aइक्यावन (51)गणित प्नौजेक्ट्स/
_cरोहित
_hहिंदी
260 _aनई दिल्ली
_bसन शाइन बुक्स
_c2022
270 _a4760-61द्वितीय तल,23 अंसारी रेड,दरियागंज,
_bनई दिल्ली
_e110002
300 _a144पृ.:
_c22 सेमी.(सजिल्द)
_bसचित्र
650 _aगणितीय विधियों की जानकारी
_974826
942 _2ddc
_cCH
_mरोहित
_h510.712
999 _c205579
_d205579